Quizzes
Events
Quiz Creation
Community
Videos
Private Events
Remove Ads
Sign In
Join for FREE
Feedback
Dark Mode
Quiz Categories
Sports
Geography
Music
Movies
Television
Just For Fun
Miscellaneous
History
Literature
Language
Science
Gaming
Entertainment
Religion
Holiday
For Kids
Quiz Lab
Recent
Popular Today
Quiz Kudos Today
Editor Picks
Curator Picks
Quizzes by...
Day
Popularity
Type
Ratings
Length
Year
Community
Subscriptions
Recent Discussions
Orange Saloon
Badges
Playlists
Quests
Create
Leaderboards
Showdown
Live 5
Trivia Bingo
Activity
Puzzle Library
Sporcle Events
Private Events
Virtual Trivia
Globe League
Become a Host
Pub Owners
SporcleCon
Opinionation
Our Games
Videos
Blog
Mobile Apps
Partnerships
Remove Ads and Go Orange
Feedback
Miscellaneous
Crossword
General Knowledge
Baby Names
Logo
Food
Cars
Numbers
Grab Bag
University
College
Popular
Company
Slogans
Restaurants
Justice
Letter
Miscellaneous
Crossword
General Knowledge
Baby Names
Logo
Food
Cars
Numbers
Grab Bag
University
College
Popular
Company
Slogans
Restaurants
Justice
Letter
Random Quiz
Search Sporcle
×
Quiz Lab
Quiz Lab
Miscellaneous
Slogans
Type in answers that appear in a list
Type in answers that appear in a list
Classic
Best Score? Go Orange.
McDonalds Slogans Stats
Can you name the McDonalds Slogans?
By
yeahrightduh
4m
29 Questions
252 Plays
252 Plays
252 Plays
Comments
Comments
Give Quiz Kudos
Give Quiz Kudos
-
- Ratings
hide this ad
Replay
Link that replays current quiz
Next Quiz
Link to next quiz in quiz playlist
You Got
0%
They Got
Avg Score
7%
Avg Friend Score
Upgrade to see
Score Distribution
Jump to the score distribution portion of the page
Score
0/29
Timer
04:00
0
Plays Today
Year
% Correct
2003-
present
I'm lovin' it
93.6%
2000-
2003
We love to see you smile
16.7%
1995-
1997
Have you had your break today?
13.5%
2001-
2003
Smile
11.2%
1997-
2000
Did somebody say McDonald's?
9.2%
2000-
2003
Put a Smile On
7.2%
1990-
1991
Food, folks and fun
6.8%
1993-
1997, Happy Meal advertising
Do you believe in magic?
5.6%
2008-
present
What we're made of
5.2%
1985 Mac Tonight advertising
It's Mac Tonight
4.8%
1975-
1979 also known as You, you're the one
We do it all for you
4%
1984-
1988
It's a good time for the great taste of McDonald's
3.6%
1997
My McDonald's
3.6%
1979-
1980
Nobody can do it like McDonald's can
3.2%
1960-
1965
Lets eat out!
2.8%
Year
% Correct
1988-
1990
Good time, great taste
2.8%
1992-
1995
What you want is what you get
2.4%
1983-
1984
McDonald's and you
2%
1991-
1992
McDonald's Today
1.2%
1965-
1967
Look for the Golden Arches! (1965-1967)
0.8%
1966-
1969
The closest thing to home (1966-1969)
0.8%
1971-
1975
You deserve a break today (1971-1975)
0.8%
1973, concurrent with 1971 slogan
Enjoy the best food at McDonald's
0.8%
1980-
1983
Nobody makes your day like McDonald's can
0.8%
1981, concurrent with 1980 slogans
That's My McDonald's
0.8%
1982, concurrent with 1980 slogans
We cook it all for you at McDonald's
0.8%
1986
McDonald's is your place to be
0.8%
1988-
1990
There's nothing quite like a McDonald's
0.8%
1967-
1971
McDonald's is your kind of place (1967-1971)
0.4%
Quiz Playlist
Details
Report
Send in Message
Add To Playlist
Classic:
Type in answers that appear in a list
Quiz Source
Last Updated: Feb 16, 2017
Quiz Scoreboard
CHALLENGE
Sign Up to Join the Scoreboard
Show All
Scores
Hide
Comments
May contain spoilers
Recently Published
Pick 6: Fruits
by JohnFran
Miscellaneous
15s
Click the 1999 NBA Draft
by nibperrychub
Sports
2m
Alphabetical 'K' Countries by Flag Minefield
by ylime102
Geography
3m
More to Explore
Quiz From the Vault
Featured Blog Post
15 Basketball Trivia Facts You Can Be March Mad About
hide this ad
You Might Also Like...
Tags
Slogans Quiz
mcdonald
Today's Top Quizzes in Miscellaneous
Browse Miscellaneous
hide this ad
Today's Top Quizzes in Slogans
Browse Slogans
Top Contributed Quizzes in Miscellaneous
1
The JOE quick-fire general knowledge quiz: Day 166
2
The JOE quick-fire general knowledge quiz: Day 165
3
Guess the 'S' Things in 3 Words
4
Guess the 'T' Things in 3 Words
5
Guess the 'V' Things in 3 Words
6
Guess the 'W' Things in 3 Words
7
Guess the 'Y' Things in 3 Words
8
Sporcle Acrostic Puzzle XXXV
9
The JOE quick-fire general knowledge quiz: Day 164
10
Enormous Crossword: Best Actress Oscar
Explore More
Trending Topics
Anime
Crossword
Marvel
Kpop
Harry Potter
NBA
Disney
Puzzle
Song
WWE
The Office
Country
NFL
Soccer
Pokémon
hide this ad
More By:
yeahrightduh
Quiz
Plays
Rating
Category
Featured
Created
McDonalds Slogans
252
3.00
Miscellaneous
Oct 1, 2009
Old Southwest Conference Teams
105
1.57
Sports
Oct 3, 2009
Go to Creator's Profile
Score Distribution
Quiz Creator Spotlight
yeahrightduh
Follow
Send a Message
Quizzes Created
-
Created Quiz Play Count
-
More By This Creator
Popular Quizzes Today
1
Countries of Asia Without Outlines Minefield
2
Find the US States - No Outlines Minefield
3
Pick 6: Fruits
4
Alphabetical 'K' Countries by Flag Minefield
5
The Countries of the World
6
Click the 1999 NBA Draft
7
Match the Book to the Film X
8
Find the US States
More Miscellaneous Quizzes
Signature Foods by State
Curator's Pick
Trending Quizzes
Pick 6: Harry Potter
Pick 6: Golfers
Donkey Kong Minefield
DC Extended Universe: Oldest to Newest
Multiplication Danger Zone
Recently Updated
Women's Final Four Teams by Year
bhenderson79
Presidents Quartet II
eogle
Anything But Clue(do)
eogle
Anything But Oceanian Capitals
eogle
Anything But 7
eogle
Anything But Thing
eogle
Word Ladder: February 29
pecheneg
Song Title Questions
pecheneg
Women's NCAA Tournament #1 Seeds
pecheneg
Celebrity Mug Shots
pecheneg
Trending Topics
Disney
Crossword
NBA
Kpop
Marvel
Anime
Harry Potter
The Office
Puzzle
NFL
Country
Pokémon
Song
Soccer
WWE
Your Account Isn't Verified!
In order to create a playlist on Sporcle, you need to verify the email address you used during registration. Go to your
Sporcle Settings
to finish the process.
Report this User
Report this user for behavior that violates our
Community Guidelines
.
Details:
Send Report
Go to the Sporcle.com Mobile Site →
Comments